[Event "Sachsen-Anhalt-ch Seniors 24th"]
[Site "Halberstadt"]
[Date "2016.06.04"]
[Round "7"]
[White "Oppermann, Horst"]
[Black "Gismann, Juergen"]
[Result "0-1"]
[WhiteElo "1864"]
[BlackElo "1719"]
[PlyCount "194"]
[EventDate "2016.05.29"]
[EventType "swiss"]
[EventRounds "7"]
[EventCountry "GER"]
[SourceTitle "EXT 2019"]
[Source "ChessBase"]
[SourceDate "2018.10.10"]
[SourceVersion "1"]
[SourceVersionDate "2018.10.10"]
[SourceQuality "1"]

1. d4 Nf6 2. Nf3 g6 3. Bg5 Bg7 4. Nbd2 0-0 5. e3 d6 6. Rc1 Nbd7 7. c3 c5 8. Be2 b6 9. 0-0 Bb7 10. a3 Ne4 11. Nxe4 Bxe4 12. Nd2 Bb7 13. Bf3 Bxf3 14. Qxf3 Kh8 15. Rcd1 f6 16. Bh4 Qe8 17. Nc4 Qf7 18. Nd2 e5 19. Qc6 Rac8 20. Qa4 Nb8 21. Ne4 Qc7 22. dxe5 dxe5 23. h3 g5 24. Bg3 Rcd8 25. Rxd8 Rxd8 26. Rd1 Rxd1+ 27. Qxd1 h6 28. Qd6 Qxd6 29. Nxd6 Nc6 30. Kf1 Kg8 31. f4 Kf8 32. Kf2 Ke7 33. Nf5+ Kf7 34. fxe5 fxe5 35. Kf3 Bf8 36. Ke4 Ke6 37. Bh2 c4 38. g4 b5 39. Bg3 a6 40. h4 a5 41. Kf3 Kd5 42. e4+ Ke6 43. Be1 Kf6 44. Bd2 Kg6 45. hxg5 hxg5 46. Ne3 Bd6 47. Nd5 Ne7 48. Nb6 Nc6 49. Nd5 Bc5 50. Be1 Kf7 51. Bd2 Kg6 52. Be3 Bxe3 53. Kxe3 Kf7 54. Nc7 Na7 55. Kd2 Ke7 56. Kc2 Kd7 57. Nd5 Ke6 58. b3 cxb3+ 59. Kxb3 Kd6 60. Ne3 Kc5 61. Nd5 a4+ 62. Kc2 Nc6 63. Nf6 Na5 64. Nh7 Nc4 65. Nxg5 Ne3+ 66. Kd2 Nxg4 67. Nf7 Nf6 68. Ng5 Kc4 69. Kc2 Nd7 70. Nf3 Kc5 71. Nd2 Kd6 72. Kd3 Nc5+ 73. Ke3 Nb3 74. Nb1 Kc5 75. Kd3 Nc1+ 76. Kd2 Nb3+ 77. Kd1 Kc4 78. Kc2 Na1+ 79. Kd2 Nb3+ 80. Ke3 Nc5 81. Ke2 Kb3 82. Ke3 Kc2 83. Nd2 Kxc3 84. Nf3 Nd7 85. Nd2 Kb2 86. Kd3 Kxa3 87. Kc3 Nc5 88. Nb1+ Ka2 89. Nd2 Nb3 90. Nf3 Nc5 91. Kb4 Nxe4 92. Nxe5 a3 93. Nd3 Nd6 94. Nc1+ Kb2 95. Nd3+ Kc2 96. Nc5 a2 97. Nb3 Kb2 0-1

[Event "Sachsen-Anhalt-ch Seniors 23rd"]
[Site "Halberstadt"]
[Date "2015.05.31"]
[Round "1"]
[White "Oppermann, Horst"]
[Black "Rychlik, Kurt"]
[Result "1-0"]
[WhiteElo "1587"]
[BlackElo "1879"]
[PlyCount "119"]
[EventDate "2015.05.31"]
[EventType "swiss"]
[EventRounds "7"]
[EventCountry "GER"]
[SourceTitle "EXT 2018"]
[Source "ChessBase"]
[SourceDate "2017.10.13"]
[SourceVersion "1"]
[SourceVersionDate "2017.10.13"]
[SourceQuality "1"]

1. d4 g6 2. Nf3 Bg7 3. Bg5 d6 4. e3 Nf6 5. Bxf6 Bxf6 6. Nbd2 0-0 7. Be2 Nd7 8. c3 Re8 9. 0-0 e5 10. dxe5 dxe5 11. Ne4 Bg7 12. Qb3 Qe7 13. Bc4 h6 14. Rad1 Nb6 15. Rd2 Nxc4 16. Qxc4 b6 17. Rfd1 Be6 18. Qb5 f5 19. Ng3 c5 20. Rd6 e4 21. Ne1 Be5 22. R6d2 h5 23. a3 h4 24. Ne2 g5 25. b4 Rac8 26. a4 cxb4 27. Qxe5 Rc5 28. Qd6 bxc3 29. Qxe7 Rxe7 30. Rd8+ Kg7 31. Rc1 Rec7 32. Nd4 Bd7 33. Nec2 Kf6 34. Nb4 Ra5 35. Nb3 Re5 36. Nd4 Bxa4 37. Nd5+ Rxd5 38. Rxd5 Bd7 39. Nb5 Bxb5 40. Rxb5 Rc6 41. Kf1 a6 42. Rb3 Ke5 43. Rbxc3 Rxc3 44. Rxc3 Kd5 45. Ke2 a5 46. Kd2 b5 47. Kc2 f4 48. Rc8 a4 49. Kc3 g4 50. h3 g3 51. fxg3 fxe3 52. gxh4 a3 53. Rd8+ Kc5 54. Rc8+ Kd5 55. Rd8+ Kc5 56. Rd1 b4+ 57. Kb3 e2 58. Re1 Kd4 59. Rxe2 Kd3 60. Ra2 1-0

[Event "Sachsen-Anhalt-ch Seniors 22nd"]
[Site "Halberstadt"]
[Date "2014.05.29"]
[Round "5"]
[White "Just, Joachim"]
[Black "Oppermann, Horst"]
[Result "1-0"]
[WhiteElo "1887"]
[BlackElo "1571"]
[PlyCount "69"]
[EventDate "2014.05.25"]
[EventType "swiss"]
[EventRounds "7"]
[EventCountry "GER"]
[SourceTitle "EXT 2018"]
[Source "ChessBase"]
[SourceDate "2017.10.13"]
[SourceVersion "1"]
[SourceVersionDate "2017.10.13"]
[SourceQuality "1"]

1. f4 d5 2. Nf3 Bf5 3. e3 Nf6 4. b3 e6 5. Bb2 Be7 6. Be2 0-0 7. 0-0 Nbd7 8. Nh4 Be4 9. d3 Bg6 10. Nxg6 hxg6 11. Nd2 c6 12. Qe1 Qb6 13. Bd1 Bc5 14. d4 Be7 15. c4 Qc7 16. a3 Ne4 17. Nxe4 dxe4 18. g4 f5 19. g5 Kf7 20. Qc3 Rg8 21. Rc1 Nb6 22. b4 Nc8 23. Bb3 Nd6 24. a4 Ne8 25. Rf2 Rh8 26. Rg2 Rh7 27. d5 c5 28. dxe6+ Kxe6 29. Rd1 b6 30. Rd5 Rd8 31. Rgd2 Rxd5 32. cxd5+ Kd7 33. d6 Bxd6 34. Qe5 Kc8 35. Qxe8+ 1-0

[Event "Sachsen-Anhalt-ch Seniors 22nd"]
[Site "Halberstadt"]
[Date "2014.05.26"]
[Round "2"]
[White "Oppermann, Horst"]
[Black "Boeven, Manfred"]
[Result "0-1"]
[WhiteElo "1571"]
[BlackElo "2069"]
[PlyCount "132"]
[EventDate "2014.05.25"]
[EventType "swiss"]
[EventRounds "7"]
[EventCountry "GER"]
[SourceTitle "EXT 2018"]
[Source "ChessBase"]
[SourceDate "2017.10.13"]
[SourceVersion "1"]
[SourceVersionDate "2017.10.13"]
[SourceQuality "1"]

1. d4 d5 2. Nf3 Bf5 3. Bg5 Nd7 4. e3 Ngf6 5. Nbd2 c6 6. c4 e6 7. cxd5 exd5 8. Be2 Qb6 9. Bxf6 Nxf6 10. Qb3 Bd6 11. Qxb6 axb6 12. a3 0-0 13. 0-0 Rfe8 14. Rfd1 b5 15. Nb3 Bc2 16. Nbd2 Bxd1 17. Rxd1 b4 18. axb4 Bxb4 19. Ne5 Ra2 20. Nd3 Bxd2 21. Rxd2 Ra1+ 22. Rd1 Rxd1+ 23. Bxd1 Ra8 24. Kf1 Ne4 25. Ke2 f6 26. f3 Nd6 27. Bb3 Nc4 28. e4 Kf8 29. exd5 cxd5 30. Nc5 Ke7 31. Nxb7 Rb8 32. Nc5 Kd6 33. Kd3 Nxb2+ 34. Kc3 Nc4 35. Bxc4 dxc4 36. Kxc4 Rb2 37. g3 Rxh2 38. Ne4+ Kc6 39. Kd3 Rh1 40. g4 Ra1 41. Nc3 g6 42. d5+ Kd7 43. Ne4 Ra3+ 44. Ke2 Ra2+ 45. Ke3 Ra3+ 46. Kf2 Ke7 47. d6+ Ke6 48. Kg3 Ra8 49. g5 fxg5 50. Nxg5+ Kf5 51. Ne4 Rd8 52. Kf2 h6 53. Ke3 Ke6 54. Kd4 Rxd6+ 55. Nxd6 Kxd6 56. Ke4 Ke6 57. Kf4 Kd5 58. Kg4 Ke5 59. Kg3 h5 60. Kh3 Kf4 61. Kg2 h4 62. Kh3 g5 63. Kg2 Ke3 64. f4 gxf4 65. Kh1 f3 66. Kg1 Ke2 0-1